| 000 | 01679nam a2200253Ia 4500 | ||
|---|---|---|---|
| 999 |
_c58615 _d58615 |
||
| 005 | 20240530110116.0 | ||
| 008 | 140319s9999 xx 000 0 ara d | ||
| 017 | _bمصر. دار الكتب | ||
| 040 |
_aGCL / _cGCL |
||
| 082 | 0 | 4 |
_aق _b916.2031 _bم ق _221 |
| 100 | 1 | _aعبدالعظيم رمضان | |
| 245 | 1 | 0 |
_aالقاموس الجغرافى للبلاد المصرية : _bمن عهد قدماء المصريين الى سنة 1945 / _cمحمد رمزى ؛ تقديم عبدالعظيم رمضان _nالقسم الاول : _pالبلاد المندرسة _nالقسم الثانى : الجزء الاول _pالمحافظات ومديريات القليوبية والشرقية والدقهلية _nالقسم الثانى : الجزء الثانى _pميريات الغربية والمنوفية والبحيرة _nالقسم الثانى : الجزء الثالث _pمديريات الجيزة وبنى سويف والفيوم والمنيا _nالقسم الثانى : الجزء الرابع _pمديريات اسيوط وجرحا وقنا واسوان ومصلحة الحدود |
| 260 |
_aالقاهرة : _bالهيئة المصرية العامة للكتاب، _c1993 |
||
| 300 |
_aمتعدد ؛ _c26 سم |
||
| 650 | 0 | 4 |
_aالمدن المندثرة _2qrmak |
| 650 | 0 | 4 |
_aمصر - الجغرافيا التاريخية _2qrmak |
| 650 | 0 | 4 |
_aالمدن - تخطيط _2qrmak |
| 650 | 0 | 4 |
_aمصر - تاريخ - العصر القبطى ( 284 - 642 م ) _2qrmak |
| 650 | 0 | 4 |
_aمصر - تاريخ - العصر الحديث (1805 - 1956 ) _2qrmak |
| 650 | 0 | 4 |
_aالمدن - مصر _2qrmak |
| 651 | _2qrmak | ||
| 700 | 1 | _aمحمد رمزى | |
| 942 |
_2ddc _cBK |
||